|
|
|
|
| LEADER |
01050nam a2200289 a 4500 |
| 001 |
524 |
| 003 |
BD-DhAAL |
| 005 |
20151004140919.0 |
| 008 |
151004s1997 ii b 001 0 eng |
| 010 |
|
|
|a 97914212
|
| 020 |
|
|
|a 9840514105
|
| 020 |
|
|
|a 8173041962
|
| 040 |
|
|
|a DLC
|c DLC
|d DLC
|d BD-DhAAL
|
| 050 |
0 |
0 |
|a HC440.I5
|b T75 1997
|
| 082 |
|
|
|a 338/.0954
|
| 100 |
1 |
|
|a Tripathi, Dwijendra.
|9 15102
|
| 245 |
1 |
0 |
|a Historical roots of industrial entrepreneurship in India and Japan :
|b a comparative interpretation /
|c Dwijendra Tripathi.
|
| 260 |
|
|
|a New Delhi :
|b Manohar,
|c 1997.
|
| 300 |
|
|
|a 162 p. ;
|c 23 cm.
|
| 504 |
|
|
|a Includes bibliographical references (p. [147]-158) and index.
|
| 541 |
|
|
|e 524
|
| 650 |
|
0 |
|a Industrial promotion
|z India.
|9 15103
|
| 650 |
|
0 |
|a Industrial promotion
|z Japan.
|9 15104
|
| 650 |
|
0 |
|a Entrepreneurship.
|9 15105
|
| 942 |
|
|
|2 ddc
|c BK
|
| 999 |
|
|
|c 35679
|d 35679
|
| 952 |
|
|
|0 0
|1 0
|2 ddc
|4 0
|6 338_000000000000000__0954_TRI
|7 0
|9 56106
|a SCL
|b SCL
|c GEN
|d 2015-10-04
|g 375.00
|l 0
|o 338.0954 TRI
|p 3020000524
|r 2015-10-04
|t 1
|w 2015-10-04
|y BK
|